| 000 | 01614nab a2200301 a 4500 | ||
|---|---|---|---|
| 005 | 20250618121015.0 | ||
| 008 | 991125c2015 mx tr p o 000 0 spa d | ||
| 035 | _aUPN01000209663 | ||
| 040 |
_aMX-MxUPN _bspa _cMX-MxUPN _eaacr2 |
||
| 049 | _aART-E | ||
| 100 | 1 | _aVallejos Romero, Arturo | |
| 100 | 1 | _uarturo.vallejos@ufrontera.cl | |
| 100 | 1 | _aValdivieso, Patricio | |
| 100 | 1 | _upatricio.valdivieso@ulagos.cl | |
| 245 | 1 | 0 | _aHacia políticas públicas de segundo orden en América latina |
| 506 | 0 | _aAcceso abierto | |
| 520 | 3 | _aEl presente estudio aborda las complejidades que deben enfrentar las políticas públicas para dar respuestas satis factorias en el contexto de sociedades funcionalmente diferenciadas. Desde la aproximación de la teoría de sistemas sociales, argumenta a favor de políticas públicas de segundo orden que faciliten los procesos de transformación de sistemas y actores sociales que operan según sus propias lógicas de funcionamiento. Ilustra los pro blemas derivados de las aproximaciones de primer orden, de comando y control, con la experiencia latinoamericana y chilena en particular. | |
| 650 | 2 |
_aSistemas sociales _915124 |
|
| 653 | 0 | _aPolítica pública | |
| 653 | 0 | _aAmérica Latina | |
| 653 | 0 | _aIntervención de segundo orden | |
| 773 |
_gVol. 11, no. 26 (2014), p. 323-352 _tAndamios : revista de investigación social _x2594-1917 |
||
| 856 | 4 | _uhttps://andamios.uacm.edu.mx/index.php/andamios/article/view/207 | |
| 856 | 4 | _uhttps://doi.org/10.29092/uacm.v11i26.207 | |
| 902 | _aGloria Jiménez/180625 | ||
| 905 | _aArticulo | ||
| 942 | _cART-E | ||
| 999 |
_c181764 _d181764 |
||